Riconosci il Pokémon - Quiz n°119 - Statistics

Statistiche generali
  • Questo quiz è stato fatto 3 volte
  • Il punteggio medio è 10 su 10
Statistiche sulle risposte
Indizio Risposta % Corretto
Peso 235,0 kg; 305,0 kg (Megaevoluzione)
100%
Tasso di cattura 45 (11.9%
100%
Sesso 50% ♂, 50% ♀
100%
Altezza 6,5 m
100%
Tipo Acqua / Volante; Acqua / Buio (Megaevoluzione)
100%
Pokémon Gyarados
100%
Tasso di allevamento Lento
100%
Abilità Prepotenza; Arroganza; Rompiforma (Megaevoluzione)
100%
Generazione Prima
100%
Stadio evoluzione Prima evoluzione
100%
Nessun quiz corrispondente trovato
Distribuzione punteggi
Percentuale di utenti per punteggio
Percentile per numero di risposta
I tuoi punteggi nel tempo
Non hai fatto questo quiz